| 000 | 00716nam a22002291 4500 | ||
|---|---|---|---|
| 001 | 191442 | ||
| 003 | SpMaBN | ||
| 005 | 20230706153440.0 | ||
| 008 | 220923s1962 sp |||| | spa | ||
| 016 | 7 |
_abimoBNE19980164618 [ _2SpMaBN] |
|
| 017 |
_aB 16894-1962 _bOficina Depósito Legal Barcelona |
||
| 035 | _aIND9100233044 | ||
| 035 | _a(OCoLC)434128360 | ||
| 040 |
_aSpMaBN _bspa _cA2 |
||
| 080 | _a082.22(038) | ||
| 245 | 0 | 0 |
_aDiccionario ilustrado de frases célebres y citas literarias / _cVicente Vega. |
| 250 | _a3ª ed. | ||
| 260 |
_aBarcelona : _bGustavo Gili, _c1962. |
||
| 300 |
_aXV, 939 p., lám. 1-44 ; _c23 cm. |
||
| 650 | 7 |
_aCitas- _vDiccionarios. _911062 |
|
| 700 | 1 |
_aVega, Vicente. _9113585 |
|
| 999 |
_c191442 _d191442 |
||